|
|
|
|
| LEADER |
00984nam a2200265 a 4500 |
| 001 |
13882166 |
| 008 |
050224s2005 enka b 001 0 eng |
| 010 |
|
|
|a 2005040066
|
| 020 |
|
|
|a 0273687263 (pbk.)
|
| 040 |
|
|
|a DLC
|c DLC
|d DLC
|d BD-DhAAL
|
| 042 |
|
|
|a pcc
|
| 050 |
0 |
0 |
|a HG4026
|b .A755 2005
|
| 082 |
0 |
0 |
|a 658.15
|2 22
|
| 100 |
1 |
|
|a Arnold, Glen.
|
| 245 |
1 |
0 |
|a Corporate financial management /
|c Glen Arnold.
|
| 250 |
|
|
|a 3rd ed.
|
| 260 |
|
|
|a Harlow, England ;
|a New York :
|b Financial Times/Prentice Hall,
|c 2005.
|
| 300 |
|
|
|a xxxv, 1200, [107] p. :
|b ill. (some col.) ;
|c 27 cm.
|
| 504 |
|
|
|a Includes bibliographical references and index.
|
| 541 |
|
|
|e 00015596
|
| 650 |
|
0 |
|a Corporations
|x Finance
|x Management.
|
| 650 |
|
0 |
|a Corporations
|x Finance.
|
| 852 |
1 |
|
|a Ayesha Abed Library
|c General shelf.
|
| 999 |
|
|
|c 11247
|d 11247
|
| 952 |
|
|
|0 0
|1 0
|2 ddc
|4 0
|6 658_150000000000000_ARN
|7 0
|9 18177
|a BRACUL
|b BRACUL
|c GEN
|d 2011-09-21
|l 2
|m 26
|o 658.15 ARN
|p 3010015596
|r 2018-04-01
|s 2017-09-25
|t 1
|w 2011-09-21
|y BK
|